Biggest Cities starting with C - Statistics

General Stats
  • This quiz has been taken 16 times
  • The average score is 15 of 50
Answer Stats
Country Population City % Correct
Egypt 22.623.000 Cairo
100%
Venezuela 2.991.000 Caracas
93%
Morocco 3.950.000 Casablanca
87%
China 9.828.000 Chengdu
87%
Denmark 1.391.000 Copenhagen
87%
South Africa 4.977.000 Cape Town
80%
India 12.053.000 Chennai
80%
Guinea 2.178.000 Conakry
73%
Canada 1.665.000 Calgary
67%
United States 2.638.000 Chicago
60%
Germany 1.149.000 Cologne
60%
Colombia 2.890.000 Cali
53%
China 17.773.000 Chongqing
53%
Argentina 1.625.000 Cordoba
53%
China 5.027.000 Changsha
47%
Bangladesh 5.513.000 Chittagong
40%
Brazil 3.852.000 Curitiba
40%
Mexico 1.045.000 Cancun
33%
United States 923.000 Charlotte
33%
United States 915.000 Columbus
33%
Philippines 1.042.000 Cebu City
27%
Mexico 1.135.000 Chihuahua
27%
Brazil 3.458.000 Campinas
20%
Colombia 1.096.000 Cartagena
20%
China 4.802.000 Changchun
20%
Thailand 1.472.000 Chon Buri
20%
Thailand 1.228.000 Chiang Mai
13%
Mexico 1.604.000 Ciudad Juarez
13%
China 1.840.000 Cixi
13%
Bolivia 1.430.000 Cochabamba
13%
Chile 920.000 Concepcion
13%
Angola 947.000 Cabinda
7%
Brazil 934.000 Campo Grande
7%
Vietnam 1.938.000 Can Tho
7%
China 1.093.000 Changshu
7%
South Korea 1.055.000 Changwon
7%
China 930.000 Changzhi
7%
China 4.085.000 Changzhou
7%
China 1.119.000 Chenzhou
7%
India 3.083.000 Coimbatore
7%
Mexico 1.140.000 Cuernavaca
7%
Mexico 903.000 Culiacan
7%
India 1.239.000 Chandigarh
0%
China 919.000 Changde
0%
China 1.520.000 Chaozhou
0%
China 1.024.000 Chengde
0%
India 901.000 Cherthala
0%
Venezuela 978.000 Ciudad Guayana
0%
Colombia 972.000 Cucuta
0%
India 789.000 Cuttack
0%
No matching quizzes found
Score Distribution
Percent of People with Each Score
Percentile by Number Answered
Your Score History
You have not taken this quiz